000 nam a22 a 4500
999 _c422820
_d422820
003 BLK
005 20221208031114.0
008 210702b bu |||||||||| 00| | bu d
040 _aBLK
041 _aFRE
_cFRE
080 _aФренска литература
_b821.133.1
_x-22
_z821.133.1-22
100 _91299
_aBarrière, Théodore
_eпърви автор
139 _aBarrière, Théodore
_bB 24
245 _aLes faux bonshommes
_bComédie en quatre actes
_cThéodore Barrière, Ernest Capendu
257 _aFRA
260 _9435395
_aParis
_bMichel Lévy frères
_c1868
300 _a176 p.
_c18 cm
380 _aX
490 _9435080
_aКолекция Редки и ценни издания
700 _aCapendu, Ernest
_eсъавт.
_91445
852 _aРф 868
_bРц
942 _cKNG
_n0
_s1
944 _aCR
_c2021-07-02
_kВП
999 _d422820